LEADER 01214nam a2200277 4500 001 000000353676 003 CaOOAMICUS 005 20230616095151.0 008 230508s1988 xxk 000 u eng r 020 $a0-7073-0487-3 040 $aSeMil$bita 100 1 $aCarvin, Walter P.$0(OLS)http://semarc/name/117537 245 10$aCreation and scientific explanation /$cW. P. Carvin. 264 1$aEdinburgh :$bScottish Academic Press,$c1988. 300 $aIX, 106 p. ;$c23 cm 490 1 $aTheology and science at the frontiers of knowledge ;$v10 650 4$aScienza e religione.$0(OLS)http://semarc/subject/40428 650 4$aCosmologia.$0(OLS)http://semarc/subject/1855 830 0$aTheology and science at the frontiers of knowledge ;$v10.$0(OLS)http://semarc/title/443720 850 $aSeMil 852 $aSeMil$W1$xVenegono$y1$m2P V 65$j241533$B244893$CSeMilBibl$Z2$F244893 $81 961 $aPolezzo Stefanin - Lascito 996 $6020$a0-7073-0487-3$9(OLS)http://semarc/number/298086 996 $6245$aCreation and scientific explanation$9(OLS)http://semarc/title/443783 996 $6264$aEdinburgh :$bScottish Academic Press$9(OLS)http://semarc/publisher/60956 LEADER 01140nam a2200289 i 4500 001 000000049294 003 CaOOAMICUS 005 20260416102417.0 008 090305s1991 it u000 u ita u 013 $a20464 020 $a8845217884 040 $aSeMil$bita 100 1 $aMonk, Ray.$0(OLS)http://semarc/name/24407 240 10$aLudwig Wittgenstein :$bthe duty of genius.$0(OLS)http://semarc/title/74894 245 10$aLudwig Wittgenstein :$bil dovere del genio /$cRay Monk ; [trad. di Piero Arlorio]. 260 $aMilano :$bBompiani,$c1991. 300 $aV, 611 p. ;$c25 cm. 600 14$aWittgenstein, Ludwig.$0(OLS)http://semarc/subject/6402 700 1 $aArlorio, Piero.$0(OLS)http://semarc/name/24408 850 $aSeMil 852 $aSeMil$W1$xVenegono$y1$m2P VI 97$j15449$B15449$CSeMilBibl$Z2$F15449 $81 941 1 $a1 961 $aOmaggio: Ciprandi dott. Paolo 996 $6020$a8845217884$9(OLS)http://semarc/number/22699 996 $6245$aLudwig Wittgenstein :$bil dovere del genio$9(OLS)http://semarc/title/74893 996 $6260$aMilano :$bBompiani$9(OLS)http://semarc/publisher/29706